Character above all : (Record no. 996)

MARC details
000 -LEADER
fixed length control field 01280cam a2200289 a 4500
005 - DATE AND TIME OF LATEST TRANSACTION
control field 20260322212042.0
008 - FIXED-LENGTH DATA ELEMENTS--GENERAL INFORMATION
fixed length control field data
010 ## - LIBRARY OF CONGRESS CONTROL NUMBER
LC control number 95044827
020 ## - INTERNATIONAL STANDARD BOOK NUMBER
International Standard Book Number 0684814110
020 ## - INTERNATIONAL STANDARD BOOK NUMBER
International Standard Book Number 9780684814117
040 ## - CATALOGING SOURCE
Original cataloging agency DLC
Transcribing agency DLC
Modifying agency DLC
043 ## - GEOGRAPHIC AREA CODE
Geographic area code n-us---
050 00 - LIBRARY OF CONGRESS CALL NUMBER
Classification number E176.1
Item number .C485 1995
082 00 - DEWEY DECIMAL CLASSIFICATION NUMBER
Classification number 973.9/092/2
Edition information 20
092 ## - LOCALLY ASSIGNED DEWEY CALL NUMBER (OCLC)
Classification number 973.9 C485 1995
001 - CONTROL NUMBER
control field data
245 00 - TITLE STATEMENT
Title Character above all :
Remainder of title ten presidents from FDR to George Bush /
Statement of responsibility, etc. edited by Robert A. Wilson.
260 ## - PUBLICATION, DISTRIBUTION, ETC.
Place of publication, distribution, etc. New York :
Name of publisher, distributor, etc. Simon & Schuster,
Date of publication, distribution, etc. c1995.
300 ## - PHYSICAL DESCRIPTION
Extent 256 p. :
Dimensions 25 cm.
500 ## - GENERAL NOTE
General note Includes index.
505 0# - FORMATTED CONTENTS NOTE
Formatted contents note Franklin D. Roosevelt / Doris Kearns Goodwin -- Harry S. Truman / David McCullough -- Dwight D. Eisenhower / Stephen E. Ambrose -- John F. Kennedy / Richard Reeves -- Lyndon B. Johnson / Robert Dallek -- Richard M. Nixon / Tom Wicker -- Gerald R. Ford / James Cannon -- Jimmy Carter / Hendrik Hertzberg -- Ronald Reagan / Peggy Noonan -- George Bush / Michael R. Beschloss.
650 #0 - SUBJECT ADDED ENTRY--TOPICAL TERM
Topical term or geographic name entry element Presidents
Geographic subdivision United States
General subdivision History
Chronological subdivision 20th century.
651 #0 - SUBJECT ADDED ENTRY--GEOGRAPHIC NAME
Geographic name United States
General subdivision Politics and government
Chronological subdivision 1933-1945.
651 #0 - SUBJECT ADDED ENTRY--GEOGRAPHIC NAME
Geographic name United States
General subdivision Politics and government
Chronological subdivision 1945-1989.
651 #0 - SUBJECT ADDED ENTRY--GEOGRAPHIC NAME
Geographic name United States
General subdivision Politics and government
Chronological subdivision 1989-1993.
700 1# - ADDED ENTRY--PERSONAL NAME
Personal name Wilson, Robert A.,
Dates associated with a name 1941-
Holdings
Withdrawn status Lost status Damaged status Not for loan Home library Current library Shelving location Date acquired Total checkouts Full call number Barcode Date last seen Price effective from Koha item type
        Midway Midway General stacks 22/03/2026   973.9/092/2 20 BC0011029 22/03/2026 22/03/2026 Books